000 00652nam a2200253Ia 4500
001 21883
005 20240114000616.0
007 ta
008 060310s1934 g b000 u 465 u
040 _aCotton College,Assam
041 _a465
082 _a954.023
_bR 812 Su
100 _aRoy, Nirod Bhushan .
245 0 _aThe Successors of Sher Shah /
_cNirod Bhushan Roy.
_hTextual Documents
250 _a1st ed. /
260 _aDacca :
_bBina Roy ,
_c1934.
300 _a105p. ;
_c17cm.
653 _aHistory-India
653 _aG-History
942 _2ddc
_cBK
999 _c21865
_d21865